000 00734nam a22002417a 4500
003 OSt
005 20260601193859.0
008 260505b1972 enka|||| |||| 00| 0 eng d
020 _a0262730324
040 _aICI
_bspa
_cICI
041 _aeng
100 1 _aWurman, Richard Saul,
_d1935-
_933542
245 1 _aInformation anxiety /
_cRichard Saul Wurman.
260 _aCambridge, Mass. :
_bMIT Press,
_c1989.
300 _a94 páginas :
650 _aAnsiedad por la información
_933543
650 _aSobrecarga de información
_933544
650 _aComunicación
_9299
650 _aProcesamiento de la información
_933545
650 _aSociedad de la información
700 _aWurman, Richard Saul.
_933547
942 _2lcc
_cB
_n1
999 _c22167
_d22167